000 00646nam a2200205 4500
001 138583
003 ES-MaACL
005 20230906195608.0
007 t|
008 070214s1973 sp r ||||1| spa d
100 1 _aSantamaría, Concepción.
_9103282
245 1 0 _aCon los pies desnudos
_b: novela /
_cConcepción Santamaría.
260 _aMadrid :
_bLiteroy,
_c1973.
300 _a188 p. ;
_c20 cm.
500 _aAl ejemplar con signatura E-5425 le faltan las p. 80-96.
852 _aES-MaACL
_jC-48588
_bR.85342
852 _aES-MaACL
_jE-5015
_bR.88968
852 _aES-MaACL
_jE-5426
_bR.89769
852 _aES-MaACL
_jE-5425
_bR.89770
999 _c138583
_d138583